000 00471nam a2200181Ia 4500
001 3802
005 20260306145710.0
008 260306t2006||||xx |||||||||||||| ||spa||
041 _aESP
082 _a303.4833
_bB135
100 _aBenkler, Yochai
_eAUT
245 4 _aThe wealth of networks:
_bhow social production transforms markets and freedom
260 _c2006
300 _a515 páginas :
_c23 cm.
650 _aGEN
654 _aCHU
942 _cLIB
_dJUS
_fJUS
_2ddc
_n
999 _c3802
_d3802